Statistics for History's Greatest Battles

Click here to take the quiz!

General Stats

  • This quiz has been taken 160 times
  • The average score is 29 of 78

Answer Stats

HintAnswer% Correct
1942Stalingrad
88%
1815Waterloo
80%
1066Hastings
79%
1916Somme
77%
1942Midway
76%
1945Berlin
72%
1805Austerlitz
68%
1415Agincourt
67%
490BCMarathon
66%
1916Verdun
65%
1914Marne
63%
1453Constantinople
61%
1805Trafalgar
61%
1944D-Day
60%
1863Gettysburg
60%
1346Crecy
56%
1940Britain
55%
1813Leipzig
54%
1099Jerusalem
52%
216BCCannae
50%
1781Yorktown
50%
1943Kursk
49%
1945Okinawa
49%
732Tours
49%
1683Vienna
49%
1777Saratoga
48%
1812Borodino
46%
202BCZama
46%
1945Iwo Jima
45%
480BCThermopylae
45%
1862Antietam
44%
1942El Alamein
43%
1915Gallipoli
43%
480BCSalamis
40%
31BCActium
38%
1187Hattin
37%
1775Lexington
37%
1968Tet
37%
378Adrianople
35%
52BCAlesia
34%
1775Bunker Hill
34%
1071Manzikert
34%
9Teutoburg Forest
34%
1429Orleans
33%
1870Sedan
32%
1914Tannenberg
30%
1942Coral Sea
29%
1645Naseby
29%
1854Balaclava
27%
1485Bosworth
27%
1709Poltava
26%
1905Tsushima
26%
1588Armada
23%
1314Bannockburn
23%
1954Dien Bien Phu
23%
1526Mohacs
23%
1792Valmy
23%
1525Pavia
21%
1492Granada
20%
1644Marston Moor
17%
1620White Mountain
17%
1191Arsuf
16%
1759Plains of Abraham
16%
1859Solferino
16%
1098Antioch
15%
1631Breitenfeld
13%
1879Isandlwana
13%
1297Stirling Bridge
12%
878Edington
9%
1944the Bulge
9%
1453Castillon
7%
1918Spring Offensive
7%
1600Sekigahara
6%
1869Hakodate
4%
1789the Nile
4%
1944Imphal/Kohima
1%
334BCthe Granicus
1%
1249Damietta
0%

Score Distribution

Percentile by Number Answered

Percent of People with Each Score

Your Score History

You have not taken this quiz